000 00612nam a2200241 a 4500
001 nice12345678
003 IN_TiNIC
005 20260116014844.0
008 090121s2006 newa grp 000 0 eng
020 _a8130701332
_c795
082 0 0 _a001.42
_bFIS
100 _aFisher, R A
245 _aStatistical Methods for Research Workers
260 _aNew Delhi
_bCosmo Publications
_c2006
300 _a354p
500 _aincludes index and biblioraphy
505 2 _abiblio, index
650 _aResearch Methodology
700 1 _aFisher, R A
902 _bSRS
942 _cBK
999 _c17291
_d17291